01181nam a2200193Ia 4500001001100000003001000011008004100021040002500062041001300087100003100100245006800131250001100199260008700210300001200297500026400309501011400573520026400687650003600951L200-52468IT-CnALBA170116s9999||||xx |||||||||||||| ||und|| aIT-CnALBAcIT-CnALBA aITALIANO aMAGGIONI BRUNO, SAC. DOTT. 0aABBA O PATER. DON CALABRIA TESTIMONE DELLA PATERNITÀ DI DIO.  a1a ed. bISTIT. D. CALABRIA TIPOLIT. VERONA'c1998 [1° Ed.:1998 - Ed.Ling.Originale: 1998] a122 p.  aCURATORE PIOVAN L. BREVE RACCOLTA BRANI DI DON CALABRIA. PRESENTAZIONE. PATERNITÀ NELLA BIBBIA E NEGLI SCRITTI DI D. CALABRIA. ABBA' PATER. E S. PAOLO, COMUNE GRIDO RIVOLTO AL PADRE. ED ESPERIENZA DELLA PATERNITÀ DI DIO VISSUTA... ED EVANGELIZZATORE DELLA aSocietà San Paolo EM - Piazza San Paolo, 14 - 12051 ALBA (CN) (non commercial uses only) ® Copyright 2017 aCURATORE PIOVAN L. BREVE RACCOLTA BRANI DI DON CALABRIA. PRESENTAZIONE. PATERNITÀ NELLA BIBBIA E NEGLI SCRITTI DI D. CALABRIA. ABBA' PATER. E S. PAOLO, COMUNE GRIDO RIVOLTO AL PADRE. ED ESPERIENZA DELLA PATERNITÀ DI DIO VISSUTA... ED EVANGELIZZATORE DELLA aRELIGIONE - RELIGIONE CRISTIANA